000 00696nam a22002177a 4500
003 koha_MIRAKIL
005 20241217085854.0
008 241217b tur||||| |||| 00| 0 tur d
020 _a9786053743927
040 _aTR-IsEVY
_btur
_cTR-IsEVY
082 _aFIC COŞ/T
100 _aCoşkungür, Meltem
245 0 _aTula ve mavi dünya
_cMeltem Coşkungür, ; resimleyen Nurten Deliorman.
250 _a3. bs.
260 _bFinal Kültür-Sanat Yayınları,
_c2014
300 _a56 s. :
_brenkli resimli ;
_c24 cm.
650 _aChildren's literature -- Stories, Turkish.
650 _aÇocuk edebiyatı -- Hikaye, Türk.
700 1 _aDeliorman, Nurten.
_cresimleyen.
942 _2ddc
_cBK
999 _c21236
_d21236